Independent probes urged for erring RSL's (Record no. 70247)
[ view plain ]
| 000 -LEADER | |
|---|---|
| fixed length control field | 01056cam a2200217 4500 |
| 001 - CONTROL NUMBER | |
| control field | WB3818-16 |
| 008 - FIXED-LENGTH DATA ELEMENTS--GENERAL INFORMATION | |
| fixed length control field | 020514n2002 000 0 eng u |
| 035 ## - SYSTEM CONTROL NUMBER | |
| System control number | (Sirsi) u117956 |
| 245 ## - TITLE STATEMENT | |
| Title | Independent probes urged for erring RSL's |
| 260 ## - PUBLICATION, DISTRIBUTION, ETC. | |
| Date of publication, distribution, etc. | 2002 |
| 490 ## - SERIES STATEMENT | |
| Series statement | Housing Today |
| Volume/sequential designation | (283) 9 May 2002, 6(1) |
| 520 ## - SUMMARY, ETC. | |
| Summary, etc. | Hacas Chapman Hendy argue in a report for the Housing Corporation that housing associations that respond to allegations of wrongdoing by investigating themselves are storing up problems for the future. An independent investigation was the most effective method. The study explores how RSL's have responded to allegations and what lessons can be learnt. For the study 'Responding to allegation': http://www.housingcorplibrary.org.uk/HousingCorp.nsf/AllDocuments/60A24CF2A079833780256BAA004D523E |
| 590 ## - LOCAL NOTE (RLIN) | |
| Local note | WB |
| 650 ## - SUBJECT ADDED ENTRY--TOPICAL TERM | |
| Topical term or geographic name entry element | HOUSING CORPORATION |
| 650 ## - SUBJECT ADDED ENTRY--TOPICAL TERM | |
| Topical term or geographic name entry element | HOUSING ASSOCIATIONS |
| 650 ## - SUBJECT ADDED ENTRY--TOPICAL TERM | |
| Topical term or geographic name entry element | HACAS CHAPMAN HENDY |
| 650 ## - SUBJECT ADDED ENTRY--TOPICAL TERM | |
| Topical term or geographic name entry element | INDEPENDENT INVESTIGATION |
| 650 ## - SUBJECT ADDED ENTRY--TOPICAL TERM | |
| Topical term or geographic name entry element | FRAUD |
| 690 ## - LOCAL SUBJECT ADDED ENTRY--TOPICAL TERM (OCLC, RLIN) | |
| Topical term or geographic name as entry element | Affordable housing |
| 9 (RLIN) | 6215 |
| 942 ## - ADDED ENTRY ELEMENTS (KOHA) | |
| Suppress in OPAC | 0 |
| Withdrawn status | Lost status | Source of classification or shelving scheme | Damaged status | Not for loan | Home library | Current library | Shelving location | Date acquired | Total Checkouts | Full call number | Barcode | Date last seen | Copy number | Price effective from | Koha item type |
|---|---|---|---|---|---|---|---|---|---|---|---|---|---|---|---|
| Dewey Decimal Classification | London | London | News article | 14/05/2002 | WB3816-16 | 117956-1001 | 06/08/2019 | 1 | 06/08/2019 | News article |